| 000 | 00549nam a2200181Ia 4500 | ||
|---|---|---|---|
| 008 | 220214s9999 xx 000 0 und d | ||
| 100 | _aVernon Daniel M | ||
| 245 | 2 | _aA Novel methyl transferase induced by osmotic stress in the faculative halophyte Mesembryanthemum crystallinum | |
| 260 |
_bEMBO Journal _c1992 |
||
| 300 | _a2077-2085 | ||
| 650 | _aGene expression | ||
| 650 | _aMyo-inositol O-methyl transferase | ||
| 650 | _aOsmoprotection | ||
| 650 | _aSalt stress | ||
| 650 | _aSugar alcohol | ||
| 700 | _aBohnert Hans J | ||
| 942 | _cRE | ||
| 999 |
_c45482 _d45482 |
||